[Event "Quebec-ch"]
[Site "Montreal CAN"]
[Date "1993.06.09"]
[Round "8"]
[White "Ghannoum, Marc"]
[Black "Schleifer, Michael"]
[Result "0-1"]
[WhiteElo "2237"]
[BlackElo "2273"]
[PlyCount "76"]
[EventDate "1993.05.31"]
[EventType "tourn"]
[EventRounds "9"]
[EventCountry "CAN"]
[Source "ChessBase"]
[SourceDate "1997.11.17"]

1. e4 c5 2. Nc3 Nc6 3. f4 d6 4. Nf3 e6 5. d4 cxd4 6. Nxd4 Nge7 7. Nb3 a6 8. a4
b6 9. Qf3 g6 10. Be3 Bg7 11. Rd1 Qc7 12. Bd3 Rb8 13. O-O O-O 14. f5 exf5 15.
exf5 Nxf5 16. Nd5 Qd8 17. Bxf5 Bxf5 18. Nd4 Ne5 19. Qg3 Bd7 20. Rf4 f5 21. Rff1
h6 22. h4 Kh7 23. Bf4 Qe8 24. Qa3 Qf7 25. Nc7 Nc4 26. Qb3 b5 27. Nxa6 bxa4 28.
Qc3 Rbc8 29. Qb4 Qd5 30. Nf3 Qb5 31. Bxd6 Rf6 32. Qxb5 Bxb5 33. Nc7 Nxd6 34.
Nd5 Rf7 35. Rfe1 Ne4 36. Nd4 Bxd4+ 37. Rxd4 Rxc2 38. Ne3 Rxb2 0-1

[Event "Mauricie op"]
[Site "Trois-Rivieres CAN"]
[Date "1993.03.21"]
[Round "4"]
[White "Schleifer, Michael"]
[Black "Tremblay, Sylvain"]
[Result "1-0"]
[WhiteElo "2271"]
[BlackElo "2051"]
[PlyCount "66"]
[EventDate "1993.03.19"]
[EventType "swiss"]
[EventRounds "5"]
[EventCountry "CAN"]

1. d4 Nf6 2. c4 e6 3. Nf3 b6 4. a3 Bb7 5. Nc3 d5 6. Bg5 Be7 7. e3 O-O 8. cxd5
Nxd5 9. Bxe7 Qxe7 10. Rc1 Nxc3 11. Rxc3 c6 12. Bd3 Nd7 13. Be4 Rfc8 14. Qc2 Qd6
15. Bxh7+ Kf8 16. Be4 f5 17. Bd3 c5 18. Be2 cxd4 19. exd4 Rxc3 20. Qxc3 Rc8 21.
Qd2 Be4 22. Bd1 Nf6 23. O-O Rd8 24. Ng5 Bd5 25. Qe3 Ne4 26. Nf3 f4 27. Qc1 g5
28. h4 gxh4 29. Ne5 Ke7 30. Qxf4 Nf6 31. Bh5 Be4 32. Bg6 Qxd4 33. Bxe4 Qxe4 1-0

[Event "RA Spring op"]
[Site "Ottawa CAN"]
[Date "1993.03.07"]
[Round "5"]
[White "Schleifer, Michael"]
[Black "Berube, Richard"]
[Result "1-0"]
[WhiteElo "2390"]
[BlackElo "2249"]
[PlyCount "86"]
[EventDate "1993.03.06"]
[EventType "swiss"]
[EventRounds "5"]
[EventCountry "CAN"]

1. d4 Nf6 2. c4 g6 3. Nc3 Bg7 4. e4 d6 5. f3 O-O 6. Be3 c5 7. Nge2 cxd4 8. Nxd4
Nc6 9. Qd2 Bd7 10. Be2 a5 11. O-O a4 12. Rac1 Qa5 13. Rfd1 Rfc8 14. Bf1 Nxd4
15. Bxd4 Bc6 16. Qf2 Nd7 17. Bxg7 Kxg7 18. Kh1 Qb4 19. Re1 b6 20. Nd5 Bxd5 21.
exd5 Re8 22. Rc2 Qc5 23. Qd2 Nf6 24. Rc3 h5 25. Rce3 Ra7 26. b4 axb3 27. axb3
Qc7 28. Qb2 Qc8 29. Ra1 Rxa1 30. Qxa1 Qc5 31. Qc3 Qc7 32. g4 Kg8 33. g5 Nd7 34.
f4 Nf8 35. f5 gxf5 36. Rh3 e5 37. Qf3 Qd7 38. Qxh5 Ng6 39. Qh7+ Kf8 40. Rh6 Qe7
41. h4 e4 42. h5 Qe5 43. hxg6 fxg6 1-0

[Event "Ottawa op"]
[Site "Ottawa CAN"]
[Date "1993.??.??"]
[Round "?"]
[White "Kanani, Saifudin"]
[Black "Schleifer, Michael"]
[Result "0-1"]
[WhiteElo "2298"]
[BlackElo "2409"]
[PlyCount "100"]
[EventDate "1993.??.??"]
[EventType "swiss"]
[EventRounds "5"]
[EventCountry "CAN"]

1. c4 Nf6 2. Nc3 g6 3. e4 d6 4. d4 Bg7 5. f4 O-O 6. Nf3 c5 7. dxc5 Qa5 8. Bd3
Qxc5 9. Qe2 Bg4 10. Be3 Qc8 11. O-O Nc6 12. h3 Bxf3 13. Rxf3 Nd7 14. Rff1 Nc5
15. Rac1 a5 16. Bb1 a4 17. Nd5 Qd8 18. Rcd1 b6 19. e5 dxe5 20. Nf6+ exf6 21.
Rxd8 Raxd8 22. f5 Nd4 23. Qf2 Rd6 24. g4 Rfd8 25. Kg2 e4 26. Rd1 Nxf5 27. Rxd6
Nxe3+ 28. Qxe3 Rxd6 29. b4 axb3 30. axb3 f5 31. Qf4 Re6 32. gxf5 gxf5 33. Qb8+
Bf8 34. b4 Nd3 35. c5 bxc5 36. b5 Ne5 37. Kf1 Nd7 38. Qc7 Rd6 39. Ba2 e3 40. b6
f4 41. b7 f3 42. Bb3 c4 43. Qxc4 Ne5 44. Qc8 e2+ 45. Kf2 Nd3+ 46. Kxf3 e1=Q 47.
Qxf8+ Kxf8 48. b8=Q+ Ke7 49. Qa7+ Rd7 50. Qa3+ Qb4 0-1

[Event "Ottawa op"]
[Site "Ottawa CAN"]
[Date "1993.??.??"]
[Round "?"]
[White "Schleifer, Michael"]
[Black "Johnstone, Glenn"]
[Result "1-0"]
[WhiteElo "2409"]
[BlackElo "2347"]
[PlyCount "103"]
[EventDate "1993.??.??"]
[EventType "swiss"]
[EventRounds "5"]
[EventCountry "CAN"]
[SourceDate "2011.01.01"]

1. d4 e6 2. c4 Nf6 3. Nc3 d5 4. Nf3 Nbd7 5. Bg5 Be7 6. e3 O-O 7. Rc1 b6 8. cxd5
exd5 9. Qa4 Bb7 10. Ba6 Bxa6 11. Qxa6 c6 12. O-O Re8 13. Ne2 c5 14. Nc3 Qc8 15.
Qxc8 Raxc8 16. dxc5 Rxc5 17. Rfd1 Rec8 18. Nd2 h6 19. Bh4 Kf8 20. Rb1 Rd8 21.
Nb3 Rc4 22. Bg3 Nc5 23. Nd2 Rg4 24. h3 Rg6 25. Nf3 Nfe4 26. Ne2 b5 27. Bh2 Na4
28. Rdc1 Ra6 29. a3 Nac5 30. Ned4 Nd3 31. Rc2 b4 32. axb4 Nxb4 33. Rc7 Bf6 34.
Be5 Nd3 35. Bxf6 Rxf6 36. Rxa7 Nexf2 37. b4 Rb6 38. b5 Ne4 39. Nc6 Re8 40. Ra6
Rb7 41. b6 Nec5 42. Ra7 Rxe3 43. Na5 Rb8 44. b7 Re6 45. Nd4 Ree8 46. Ndc6 Nd7
47. Nxb8 Nxb8 48. Ra8 Ne5 49. Rc1 Ned7 50. Rc8 d4 51. Rxe8+ Kxe8 52. Nc6 1-0

[Event "Thanksgiving op"]
[Site "Toronto CAN"]
[Date "1992.10.11"]
[Round "3"]
[White "Nickoloff, Bryon"]
[Black "Schleifer, Michael"]
[Result "1/2-1/2"]
[WhiteElo "2437"]
[BlackElo "2434"]
[PlyCount "40"]
[EventDate "1992.10.10"]
[EventType "swiss"]
[EventRounds "6"]
[EventCountry "CAN"]
[Source "ChessBase"]
[SourceDate "1997.11.17"]

1. d4 Nf6 2. c4 e6 3. Nf3 d5 4. Nc3 Be7 5. Bg5 O-O 6. Rc1 dxc4 7. e3 Nbd7 8.
Bxc4 c5 9. O-O Nb6 10. Be2 cxd4 11. Nxd4 Bd7 12. Bf3 Nc4 13. Bxb7 Rb8 14. Ba6
Nxb2 15. Qe2 Na4 16. Nxa4 Bxa4 17. Bxf6 Bxf6 18. Nc6 Bxc6 19. Rxc6 Rb2 20. Rc2
Rxc2 1/2-1/2

[Event "CAN-op"]
[Site "Scarborough CAN"]
[Date "1992.07.18"]
[Round "1"]
[White "Torok, Alan"]
[Black "Schleifer, Michael"]
[Result "0-1"]
[WhiteElo "2023"]
[BlackElo "2419"]
[PlyCount "74"]
[EventDate "1992.07.18"]
[EventType "swiss"]
[EventRounds "10"]
[EventCountry "CAN"]

1. e4 c5 2. f4 d6 3. d3 Nc6 4. c3 g6 5. Be3 Bg7 6. Be2 Nf6 7. Nd2 O-O 8. g4 b5
9. Bf3 Bd7 10. h3 Rb8 11. Ne2 b4 12. O-O Ne8 13. Qc2 Nc7 14. Nc4 bxc3 15. bxc3
Qc8 16. Rab1 Qa6 17. Rxb8 Nxb8 18. Rb1 Bb5 19. Kg2 Nd7 20. Nc1 Bxc4 21. dxc4
Nb6 22. Be2 Qa5 23. Bd2 Rd8 24. Bd3 Qa6 25. Be1 Ne6 26. Bg3 Nc7 27. Be1 Nxc4
28. Qe2 d5 29. exd5 Nxd5 30. Bxc4 Nxf4+ 31. Kf3 Qf6 32. Bh4 g5 33. Bxg5 Qxg5
34. h4 Qf6 35. g5 Qxc3+ 36. Qe3 Qxc4 37. Qxf4 Qf1+ 0-1

[Event "CAN-op"]
[Site "Scarborough CAN"]
[Date "1992.07.19"]
[Round "2"]
[White "Schleifer, Michael"]
[Black "Solunac, Sasha"]
[Result "1-0"]
[WhiteElo "2419"]
[BlackElo "2166"]
[PlyCount "63"]
[EventDate "1992.07.18"]
[EventType "swiss"]
[EventRounds "10"]
[EventCountry "CAN"]

1. d4 Nf6 2. c4 e6 3. Nf3 d5 4. Nc3 c6 5. e3 Nbd7 6. Bd3 Be7 7. O-O O-O 8. b3
b6 9. Bb2 Bb7 10. Qe2 Re8 11. Rfd1 Bf8 12. e4 dxe4 13. Nxe4 Qc7 14. Ne5 Nxe4
15. Qxe4 Nf6 16. Qf4 h6 17. Re1 c5 18. Re3 cxd4 19. Rg3 Qd8 20. Qxh6 Ne4 21.
Qh5 Qf6 22. Rf3 g6 23. Rxf6 gxh5 24. Rxf7 Re7 25. Rf4 Nc5 26. Bf1 Bg7 27. Re1
Rd8 28. Rxd4 Rf8 29. Ng6 Ref7 30. Nxf8 Bxd4 31. Bxd4 Rxf8 32. Be5 1-0

[Event "CAN-op"]
[Site "Scarborough CAN"]
[Date "1992.07.21"]
[Round "4"]
[White "Schleifer, Michael"]
[Black "Elieff, Kosta"]
[Result "1-0"]
[WhiteElo "2419"]
[BlackElo "2330"]
[PlyCount "43"]
[EventDate "1992.07.18"]
[EventType "swiss"]
[EventRounds "10"]
[EventCountry "CAN"]

1. d4 Nf6 2. c4 g6 3. Nc3 d5 4. Nf3 Bg7 5. Bg5 Ne4 6. Bh4 Nxc3 7. bxc3 c5 8. e3
Qa5 9. Qd2 dxc4 10. Bxc4 Nc6 11. Rb1 cxd4 12. cxd4 Qxd2+ 13. Nxd2 Na5 14. Bd5
Bd7 15. O-O Rc8 16. Bxb7 Rc2 17. Be4 Rxd2 18. Rb8+ Bc8 19. Rxc8+ Kd7 20. Rc5
Rxa2 21. Rfc1 f6 22. Rc7+ 1-0

[Event "CAN-op"]
[Site "Scarborough CAN"]
[Date "1992.07.22"]
[Round "5"]
[White "Barclay, Wayne"]
[Black "Schleifer, Michael"]
[Result "1/2-1/2"]
[WhiteElo "2300"]
[BlackElo "2419"]
[PlyCount "150"]
[EventDate "1992.07.18"]
[EventType "swiss"]
[EventRounds "10"]
[EventCountry "CAN"]

1. d4 Nf6 2. Nf3 g6 3. g3 Bg7 4. Bg2 O-O 5. O-O d5 6. c4 dxc4 7. Na3 Nc6 8.
Nxc4 Be6 9. b3 Bd5 10. Bb2 a5 11. Rc1 a4 12. Ne3 Be4 13. bxa4 Nd7 14. Nc4 Bd5
15. Ba1 Bxc4 16. Rxc4 Nb6 17. Rc2 Rxa4 18. e3 Ra7 19. Qb1 Nd5 20. Nd2 Ncb4 21.
Rc4 Rxa2 22. Bxd5 Qxd5 23. Qxb4 Rxd2 24. Rc5 Qa2 25. Rxc7 Bf6 26. Rxb7 Rc2 27.
Qb1 Rfc8 28. Qxa2 Rxa2 29. Rb2 Ra3 30. Rbb1 Rc2 31. Rfc1 Re2 32. Rb2 Rxb2 33.
Bxb2 Ra2 34. Bc3 h5 35. Kg2 h4 36. Bb4 Rb2 37. Bc5 Kg7 38. Ra1 hxg3 39. hxg3
Re2 40. Ra8 e5 41. Bf8+ Kh7 42. d5 e4 43. Re8 Rd2 44. d6 Bg7 45. Be7 Be5 46. g4
Bxd6 47. Bf6 g5 48. Bxg5 Rd5 49. Bf6 Kg6 50. Bh4 Re5 51. Rg8+ Kh7 52. Rd8 Re6
53. Bg3 Bb4 54. Rd4 Be7 55. Bf4 Kg6 56. Rd5 Bf6 57. Kg3 Be7 58. Rh5 Bf6 59.
Rh6+ Kg7 60. g5 Bc3 61. Rxe6 fxe6 62. Bd6 e5 63. Be7 Kg6 64. Bf6 Be1 65. Kg2
Kf5 66. Kf1 Bb4 67. Ke2 Bf8 68. Bd8 Ke6 69. Bf6 Kf5 70. Kd1 Bb4 71. Bd8 Bc3 72.
Ke2 Bb4 73. Kf1 Bd2 74. Kg2 Bc3 75. Kg3 Be1 1/2-1/2

[Event "CAN-op"]
[Site "Scarborough CAN"]
[Date "1992.07.23"]
[Round "6"]
[White "Schleifer, Michael"]
[Black "Gardner, Robert"]
[Result "1-0"]
[WhiteElo "2419"]
[BlackElo "2246"]
[PlyCount "65"]
[EventDate "1992.07.18"]
[EventType "swiss"]
[EventRounds "10"]
[EventCountry "CAN"]

1. d4 Nf6 2. c4 c5 3. d5 b5 4. Nd2 b4 5. e4 d6 6. a3 bxa3 7. Rxa3 g6 8. Bd3 Bg7
9. Ngf3 O-O 10. h3 Na6 11. O-O Nb4 12. Be2 Qc7 13. Re1 Nh5 14. Bf1 Bd7 15. Nb1
Rab8 16. Nc3 Rb7 17. g4 Nf6 18. e5 dxe5 19. Nxe5 Be8 20. Bf4 Qb6 21. Bg2 a6 22.
Rb3 Kh8 23. Nc6 Bxc6 24. dxc6 Ra7 25. Be3 Raa8 26. Na4 Qc7 27. Nxc5 Nxc6 28. g5
Nh5 29. Qd7 Rfc8 30. Rd1 Be5 31. Rb7 Qxd7 32. Nxd7 Bf4 33. Nb6 1-0

[Event "CAN-op"]
[Site "Scarborough CAN"]
[Date "1992.07.24"]
[Round "7"]
[White "Mihaljevic, Josip"]
[Black "Schleifer, Michael"]
[Result "0-1"]
[WhiteElo "2325"]
[BlackElo "2419"]
[PlyCount "71"]
[EventDate "1992.07.18"]
[EventType "swiss"]
[EventRounds "10"]
[EventCountry "CAN"]

1. d4 Nf6 2. c4 g6 3. Nc3 d5 4. cxd5 Nxd5 5. e4 Nxc3 6. bxc3 Bg7 7. Be3 c5 8.
Bc4 O-O 9. Ne2 cxd4 10. cxd4 Nd7 11. O-O Nb6 12. Bb3 Bd7 13. a4 Rc8 14. Qd3 Qc7
15. Rfc1 Qd6 16. a5 Na8 17. f4 Qb4 18. Bd2 Qb5 19. Bc4 Qh5 20. Ng3 Qh4 21. Rab1
b6 22. Bd5 Rxc1+ 23. Bxc1 Nc7 24. Ba2 bxa5 25. d5 a6 26. Rb7 Bb5 27. Qe3 Qg4
28. Bb3 Qc8 29. Ra7 a4 30. Bd1 Rd8 31. Ba3 Nxd5 32. exd5 Rxd5 33. Bg4 Qd8 34.
Qxe7 Rd1+ 35. Kf2 Bd4+ 36. Kf3 0-1

[Event "CAN-op"]
[Site "Scarborough CAN"]
[Date "1992.07.25"]
[Round "9"]
[White "Barsov, Alexei"]
[Black "Schleifer, Michael"]
[Result "1-0"]
[WhiteElo "2462"]
[BlackElo "2419"]
[PlyCount "109"]
[EventDate "1992.07.18"]
[EventType "swiss"]
[EventRounds "10"]
[EventCountry "CAN"]

1. d4 Nf6 2. c4 g6 3. Nc3 Bg7 4. e4 O-O 5. Nf3 d6 6. h3 c5 7. d5 e6 8. Bd3 e5
9. Bg5 h6 10. Be3 a6 11. Qd2 Kh7 12. g4 Ne8 13. a4 b6 14. Kf1 Ra7 15. Kg2 Rb7
16. Qe2 Nc7 17. Nd2 Bd7 18. h4 Qc8 19. f3 f5 20. exf5 gxf5 21. gxf5 Bxf5 22.
Nde4 Ne8 23. Ng3 Bxd3 24. Qxd3+ Kh8 25. Qg6 Rg8 26. Qg4 Qd8 27. Bg5 Bf6 28.
Nce4 Rh7 29. Qe6 Nd7 30. Kf2 Rf8 31. Ke2 Rff7 32. Be3 Nf8 33. Qg4 Be7 34. Nh5
Qd7 35. Rhg1 Ng7 36. Nxg7 Rfxg7 37. Qh5 Rxg1 38. Rxg1 Qxa4 39. Nd2 Qd7 40. Bxh6
Bf6 41. Ne4 Qe7 42. Qg4 Bg7 43. Bg5 Qd7 44. Nf6 Qa4 45. Nxh7 Qc2+ 46. Bd2 Qxh7
47. h5 e4 48. fxe4 Bxb2 49. Rb1 Bd4 50. Rxb6 Qf7 51. Qf5 Qxf5 52. exf5 Be5 53.
Rxa6 Kg7 54. Bg5 Nh7 55. Be7 1-0

[Event "CAN-op"]
[Site "Scarborough CAN"]
[Date "1992.07.26"]
[Round "10"]
[White "Schleifer, Michael"]
[Black "Dougherty, Michael"]
[Result "1-0"]
[WhiteElo "2419"]
[BlackElo "2283"]
[PlyCount "113"]
[EventDate "1992.07.18"]
[EventType "swiss"]
[EventRounds "10"]
[EventCountry "CAN"]

1. e4 c5 2. Nf3 Nc6 3. d4 cxd4 4. Nxd4 Nf6 5. Nc3 e6 6. Ndb5 d6 7. Bf4 e5 8.
Bg5 a6 9. Bxf6 gxf6 10. Na3 b5 11. Nd5 f5 12. exf5 Bxf5 13. Qf3 Nd4 14. Nc7+
Qxc7 15. Qxa8+ Ke7 16. c3 b4 17. cxb4 Qb6 18. Bxa6 Qxb4+ 19. Kf1 Qd2 20. Qb7+
Kf6 21. h4 Bd3+ 22. Bxd3 Qxd3+ 23. Kg1 Rg8 24. Rh2 Bh6 25. Kh1 Bf4 26. Rh3 Qe2
27. Qd5 Qxf2 28. Nc4 Rg3 29. Rh2 Rf3 30. Qxd6+ Kg7 31. g3 Qxh2+ 32. Kxh2 Rxg3
33. Qxe5+ Bxe5 34. Nxe5 Re3 35. Nc4 Re4 36. Kh3 h5 37. Rf1 f5 38. Nd6 Re3+ 39.
Kg2 Kf6 40. a4 Re6 41. Nc4 Rc6 42. Nd2 Rb6 43. b3 Rb4 44. Rb1 Ke5 45. a5 Nc6
46. Nc4+ Kd4 47. Rd1+ Kc5 48. Rd3 Nd4 49. a6 Nxb3 50. Rxb3 Rxc4 51. Ra3 Rg4+
52. Kh3 Rg8 53. a7 Ra8 54. Kg3 Kb6 55. Kf4 Kb7 56. Ra1 Rg8 57. a8=Q+ 1-0

[Event "Canada Day op"]
[Site "Toronto CAN"]
[Date "1992.06.28"]
[Round "5"]
[White "Bekefi, Laszlo"]
[Black "Schleifer, Michael"]
[Result "1/2-1/2"]
[WhiteElo "2265"]
[BlackElo "2410"]
[PlyCount "123"]
[EventDate "1992.06.26"]
[EventType "swiss"]
[EventRounds "5"]
[EventCountry "CAN"]

1. d4 Nf6 2. Nf3 g6 3. c4 Bg7 4. Nc3 O-O 5. e4 d6 6. Be2 Na6 7. O-O e5 8. Re1
c6 9. h3 exd4 10. Nxd4 Nc5 11. Bf3 Qb6 12. Nb3 Qa6 13. Nxc5 dxc5 14. Qa4 Qb6
15. Qc2 Qb4 16. Be2 Qa5 17. Bg5 Be6 18. Bf1 Nd7 19. f4 Bd4+ 20. Kh1 f5 21. e5
Nb6 22. Ne2 Bf2 23. Red1 Bxc4 24. Ng1 Bxf1 25. Qxf2 Bc4 26. Be7 Rfe8 27. Bxc5
Be6 28. Nf3 Nd5 29. Ng5 Qc7 30. Bd6 Qg7 31. Rd4 h6 32. Nxe6 Rxe6 33. Rad1 a6
34. b4 Rd8 35. a4 Nc3 36. R1d3 Nd5 37. b5 axb5 38. axb5 Rde8 39. bxc6 bxc6 40.
Qc2 Qb7 41. Rb3 Qa6 42. Rc4 Ra8 43. Kh2 Ree8 44. Ra3 Qb7 45. Rxa8 Qxa8 46. Qb3
Qa6 47. Ra4 Qb5 48. Qg3 g5 49. fxg5 h5 50. Ra7 Qb6 51. Ra3 Qd4 52. Qf3 Nf4 53.
Ra2 Ne6 54. Qxf5 Qf4+ 55. Qxf4 Nxf4 56. Kg3 Ne6 57. Kh4 Ng7 58. Re2 Kh7 59. g4
Ra8 60. e6 Ra4 61. Be7 Nf5+ 62. Kxh5 1/2-1/2

[Event "Georgetown op"]
[Site "Georgetown CAN"]
[Date "1992.06.19"]
[Round "1"]
[White "Samson, Tom"]
[Black "Schleifer, Michael"]
[Result "0-1"]
[WhiteElo "1968"]
[BlackElo "2410"]
[PlyCount "110"]
[EventDate "1992.06.19"]
[EventType "swiss"]
[EventRounds "5"]
[EventCountry "CAN"]

1. d4 Nf6 2. c4 g6 3. Nc3 c5 4. d5 d6 5. e4 Bg7 6. f4 O-O 7. Be2 e6 8. Nf3 exd5
9. cxd5 Re8 10. e5 dxe5 11. Nxe5 Nbd7 12. Nc4 Ne4 13. Nxe4 Rxe4 14. O-O Rd4 15.
Qb3 Nb6 16. Be3 Re4 17. Nxb6 axb6 18. Kh1 Rb4 19. Qd1 Rxb2 20. Bg4 Bxg4 21.
Qxg4 Qxd5 22. Rad1 Qe4 23. Bc1 h5 24. Qg3 Rbxa2 25. f5 Qg4 26. fxg6 fxg6 27.
Qxg4 hxg4 28. Rd6 Rf8 29. Rfd1 Raf2 30. Rg1 Rf1 31. Rxg6 Rxg1+ 32. Kxg1 Kh7 33.
Re6 Bd4+ 34. Be3 Bxe3+ 35. Rxe3 Kg6 36. Re7 Rf7 37. Re6+ Rf6 38. Re7 Rc6 39.
Kf1 b5 40. Rxb7 b4 41. Ke1 Kf5 42. Kd1 Kf4 43. Kc1 Rh6 44. Rc7 Rxh2 45. Rxc5
Rxg2 46. Rc4+ Kf3 47. Rxb4 Re2 48. Rb8 Re4 49. Kd1 g3 50. Rf8+ Kg2 51. Rf7 Kg1
52. Rg7 g2 53. Rg8 Rh4 54. Ke2 Kh1 55. Kf2 Rh2 0-1

[Event "Georgetown op"]
[Site "Georgetown CAN"]
[Date "1992.06.20"]
[Round "2"]
[White "Schleifer, Michael"]
[Black "Vucko, Ignac"]
[Result "1-0"]
[WhiteElo "2410"]
[BlackElo "2149"]
[PlyCount "89"]
[EventDate "1992.06.19"]
[EventType "swiss"]
[EventRounds "5"]
[EventCountry "CAN"]

1. d4 d6 2. c4 Nf6 3. Nc3 g6 4. e4 Bg7 5. g3 c5 6. d5 e5 7. Bg2 a6 8. Nge2 Bd7
9. Qb3 b6 10. O-O O-O 11. f4 h6 12. fxe5 dxe5 13. h3 Ra7 14. a4 a5 15. Be3 Na6
16. Qd1 Nb4 17. Qd2 Kh7 18. Rf2 Ng8 19. g4 f5 20. exf5 gxf5 21. gxf5 Qh4 22. b3
Bxf5 23. Nb5 Rd7 24. Raf1 Bxh3 25. Rxf8 Bxg2 26. Kxg2 Bxf8 27. Rxf8 Qe4+ 28.
Kf1 Rg7 29. Nbc3 Qg2+ 30. Ke1 e4 31. Kd1 Nd3 32. Kc2 Qh1 33. Nf4 Ne1+ 34. Kb2
Nf3 35. Qc2 Ng5 36. Ne6 Nxe6 37. dxe6 Rg2 38. Rf2 Rg4 39. Rf4 Rg2 40. Bf2 Kh8
41. Nxe4 Qh2 42. Qc3+ Kh7 43. Rf7+ Kg6 44. Qg7+ Kh5 45. Rf5+ 1-0

[Event "Georgetown op"]
[Site "Georgetown CAN"]
[Date "1992.06.20"]
[Round "3"]
[White "Deiseach, Donald"]
[Black "Schleifer, Michael"]
[Result "0-1"]
[WhiteElo "2088"]
[BlackElo "2410"]
[PlyCount "94"]
[EventDate "1992.06.19"]
[EventType "swiss"]
[EventRounds "5"]
[EventCountry "CAN"]

1. e4 c5 2. Nf3 d6 3. d4 Nf6 4. Nc3 cxd4 5. Nxd4 a6 6. Be2 e5 7. Nb3 Be6 8. Bg5
Nbd7 9. O-O Be7 10. Be3 O-O 11. Bf3 b5 12. Qd2 Nb6 13. Rad1 Nc4 14. Qc1 Qc7 15.
Bg5 Rac8 16. Nd5 Nxd5 17. exd5 Bf5 18. Bxe7 Qxe7 19. Rfe1 Qd7 20. Nd2 Nb6 21.
Be4 Bxe4 22. Nxe4 h6 23. b3 f5 24. Ng3 Rc5 25. Qa3 Qc7 26. Rd2 g6 27. Rc1 Rd8
28. Qb4 Kg7 29. Qh4 Rxd5 30. Rxd5 Nxd5 31. a4 Nf6 32. Qb4 Qc6 33. c4 bxa4 34.
Qxa4 Qxa4 35. bxa4 Rc8 36. Ne2 Kf7 37. f3 Nd7 38. Kf1 Nb6 39. Rb1 Nxc4 40. Rb7+
Kf6 41. Ke1 Rc6 42. Nc3 Na5 43. Rc7 Ke6 44. Rxc6 Nxc6 45. Kd2 d5 46. Ne2 d4 47.
Nc1 Nb4 0-1

[Event "Georgetown op"]
[Site "Georgetown CAN"]
[Date "1992.06.21"]
[Round "4"]
[White "Mihaljevic, Josip"]
[Black "Schleifer, Michael"]
[Result "1-0"]
[WhiteElo "2377"]
[BlackElo "2410"]
[PlyCount "55"]
[EventDate "1992.06.19"]
[EventType "swiss"]
[EventRounds "5"]
[EventCountry "CAN"]

1. d4 Nf6 2. c4 e6 3. Nf3 b6 4. g3 Bb4+ 5. Nbd2 Bb7 6. Bg2 O-O 7. O-O d5 8. Ne5
Nbd7 9. Nxd7 Qxd7 10. Qb3 Bxd2 11. Bxd2 Ba6 12. cxd5 exd5 13. Rfe1 Rfe8 14. Bg5
Ne4 15. Be3 h5 16. Rac1 c6 17. Qc2 Bb7 18. Qd3 Re7 19. f3 Nd6 20. Bf4 a5 21. e4
dxe4 22. fxe4 Nb5 23. d5 cxd5 24. exd5 Rxe1+ 25. Rxe1 Nd6 26. Re5 Ba6 27. Qd4
g6 28. Bh6 1-0

[Event "Georgetown op"]
[Site "Georgetown CAN"]
[Date "1992.06.21"]
[Round "5"]
[White "Schleifer, Michael"]
[Black "Brajkovoc, Nikola"]
[Result "1-0"]
[WhiteElo "2410"]
[BlackElo "2096"]
[PlyCount "73"]
[EventDate "1992.06.19"]
[EventType "swiss"]
[EventRounds "5"]
[EventCountry "CAN"]

1. d4 Nf6 2. c4 d6 3. Nc3 c6 4. e4 Qc7 5. Be2 e5 6. Nf3 Nbd7 7. O-O Be7 8. Be3
O-O 9. d5 Ng4 10. Bd2 f5 11. Ne1 Ndf6 12. h3 Nh6 13. exf5 Nxf5 14. Bg5 Nd4 15.
Bxf6 gxf6 16. Bd3 f5 17. Nc2 c5 18. f3 Bg5 19. Kh1 Qg7 20. Nxd4 cxd4 21. Nb5
Rf6 22. f4 Bxf4 23. Rxf4 exf4 24. Nxd4 Rg6 25. Bf1 Bd7 26. Qd2 Re8 27. Rd1 Re3
28. Qf2 Qe5 29. Nf3 Qe4 30. Rd4 Qb1 31. Rxf4 Re7 32. Nh4 Rg5 33. Qxa7 Re1 34.
Qf2 Rc1 35. Kh2 Rc2 36. Qb6 Qe1 37. Qd8+ 1-0

[Event "Ontario op"]
[Site "Arnprior CAN"]
[Date "1992.05.16"]
[Round "1"]
[White "Evans, Bill"]
[Black "Schleifer, Michael"]
[Result "0-1"]
[WhiteElo "2153"]
[BlackElo "2410"]
[PlyCount "78"]
[EventDate "1992.05.16"]
[EventType "swiss"]
[EventRounds "6"]
[EventCountry "CAN"]

1. Nf3 g6 2. e4 Bg7 3. d3 d6 4. g3 Nf6 5. Bg2 O-O 6. O-O c5 7. Nbd2 Nc6 8. h3
Rb8 9. Nh2 b5 10. Re1 Bd7 11. Nhf1 Qc8 12. g4 h5 13. g5 Ne8 14. h4 e5 15. Ne3
Nc7 16. a4 a6 17. c3 f6 18. Nf3 Bg4 19. Qb3+ c4 20. dxc4 Bxf3 21. cxb5+ Kh7 22.
Bxf3 fxg5 23. Qd1 axb5 24. hxg5 Ne6 25. Nd5 Qd8 26. Bxh5 Nf4 27. Nxf4 exf4 28.
Qg4 Qe8 29. Bxg6+ Qxg6 30. Bxf4 bxa4 31. Re2 Rb5 32. Bc1 Ra5 33. f4 Kg8 34. Qd7
Rc5 35. Rxa4 Nd4 36. cxd4 Rxc1+ 37. Kf2 Rxf4+ 38. Ke3 Qxe4+ 39. Kd2 Rc2+ 0-1

[Event "Ontario op"]
[Site "Arnprior CAN"]
[Date "1992.05.16"]
[Round "2"]
[White "Schleifer, Michael"]
[Black "Deiseach, Donald"]
[Result "1-0"]
[WhiteElo "2410"]
[BlackElo "2088"]
[PlyCount "109"]
[EventDate "1992.05.16"]
[EventType "swiss"]
[EventRounds "6"]
[EventCountry "CAN"]

1. d4 d5 2. Nf3 Nf6 3. c4 e6 4. g3 Be7 5. Bg2 O-O 6. Nbd2 c5 7. O-O Nc6 8. cxd5
exd5 9. dxc5 Bxc5 10. Nb3 Be7 11. Be3 Ne4 12. Nbd4 Bf6 13. Rc1 Bd7 14. a3 Na5
15. b3 Rc8 16. Qd3 Qe7 17. Rxc8 Rxc8 18. Bc1 Rc3 19. Qd1 Rc8 20. Bb2 b5 21. Ne1
Nb7 22. Nd3 a5 23. Nf4 Qd6 24. Nh5 Be5 25. f4 Bf6 26. Nxf6+ Qxf6 27. Bxe4 dxe4
28. Nxb5 Qb6+ 29. Qd4 Qc5 30. Kg2 Qxd4 31. Nxd4 Kf8 32. Kf2 Ke7 33. a4 g6 34.
Rd1 Nd8 35. Ke3 f5 36. Ba3+ Ke8 37. Rc1 Rxc1 38. Bxc1 Nb7 39. Kd2 Kd8 40. Kc3
Kc7 41. Kc4 Kd6 42. Ba3+ Kc7 43. Kd5 Kb6 44. Be7 Kc7 45. Ke5 Kb6 46. Kf6 Nc5
47. Kg7 Ne6+ 48. Nxe6 Bxe6 49. Kxh7 Bxb3 50. Kxg6 Bxa4 51. Kxf5 Bc2 52. e3 Kb5
53. h4 Kc4 54. h5 Kd3 55. h6 1-0

[Event "Ontario op"]
[Site "Arnprior CAN"]
[Date "1992.05.17"]
[Round "3"]
[White "Johnstone, Glenn"]
[Black "Schleifer, Michael"]
[Result "1-0"]
[WhiteElo "2341"]
[BlackElo "2410"]
[PlyCount "68"]
[EventDate "1992.05.16"]
[EventType "swiss"]
[EventRounds "6"]
[EventCountry "CAN"]

1. e4 e5 2. Nf3 Nc6 3. Bc4 Be7 4. d4 d6 5. Nc3 Nf6 6. h3 O-O 7. O-O a6 8. dxe5
Nxe5 9. Nxe5 dxe5 10. Qe2 b5 11. Rd1 Bd6 12. Bb3 c5 13. Qd3 Be7 14. Qg3 Nd7 15.
Bd5 Ra7 16. Be3 Rc7 17. Rd2 Bh4 18. Qg4 Kh8 19. Rad1 Qe7 20. a3 Nb6 21. Qe2 Bf6
22. f3 g6 23. Qf2 Kg7 24. Ba2 Bb7 25. Rd6 Nd7 26. Qd2 Rd8 27. Rxf6 Nxf6 28.
Bh6+ Kh8 29. Qxd8+ Ng8 30. Qxe7 Rxe7 31. Bg5 Rc7 32. Bd8 Rc8 33. Bxf7 b4 34.
Na4 Kg7 1-0

[Event "Ontario op"]
[Site "Arnprior CAN"]
[Date "1992.05.17"]
[Round "4"]
[White "Schleifer, Michael"]
[Black "Gordon, David"]
[Result "1-0"]
[WhiteElo "2410"]
[BlackElo "2137"]
[PlyCount "70"]
[EventDate "1992.05.16"]
[EventType "swiss"]
[EventRounds "6"]
[EventCountry "CAN"]

1. d4 c5 2. d5 Nf6 3. c4 e6 4. Nc3 exd5 5. cxd5 d6 6. e4 g6 7. Be2 Bg7 8. Nf3
O-O 9. Bg5 h6 10. Bh4 g5 11. Bg3 Nh5 12. Nd2 Nxg3 13. hxg3 f5 14. exf5 Bxf5 15.
O-O Qe7 16. Nc4 Nd7 17. Nb5 Bg6 18. Nbxd6 Bxb2 19. Nxb2 Qxd6 20. Nc4 Qe7 21. d6
Qg7 22. Qd5+ Kh8 23. Qxb7 Rae8 24. Bg4 Qd4 25. Qxd7 Qxc4 26. Bf3 Rd8 27. Qe7
Qf7 28. Rad1 Qxa2 29. d7 g4 30. Bxg4 Qb2 31. Rd6 Qg7 32. Qxg7+ Kxg7 33. Re1 c4
34. Re7+ Bf7 35. Rc6 Kg8 1-0